De echte flodder fan - Statistieken

Algemene statistieken
  • Deze quiz is 167 keer genomen
  • De gemiddelde score is 11 van 15
Antwoordstatistieken
Vraag Antwoord % Correct
Wie is het knapst in het gezin? Kees (dochter)
100%
Hoe heet de actrice die ma flodder speelt? Nelly frijda
100%
Hoe heten de jongste 2 van het gezin? Toet en henkie
94%
Waar heeft kees (dochter) een tattoeage in de gelijknamige aflevering? Heup
88%
Waar ging kees (zoon) altijd "geile wijven" kijken? Tennisbaan
88%
In welke aflevering verliest johnnie zijn auto? Blufpoker
82%
Wat is het precieze soort cadillac die johnnie rijd? Caprice classic
76%
Waar vinden johnnie, kees, toet en henkie de kluis in hun villa? De vloer van de woonkamer
76%
Wat staat er op de gevel bij de bar in amerika waar de flodders werken? Molen
71%
Hoe heet de familie flodder tijdelijk in de aflevering "familie klikspaan" Schuursma
71%
Met welk voertuig word de villa van de flodders kapot gemaakt in de film flodder 1? Tank
71%
Hoe heet de penvriend van kees (dochter) uit de gelijknamige aflevering? Koude arie
65%
Via wie komt kees (dochter) aan een adresje voor rijlessen? Hennie
53%
Wat gebeurde er na het optreden van harco sorbato? Hij nam de afslag hiernamaals
53%
Hoe hebben ze de tattoeage van kees (dochter) weg gekregen Door deskundige in een kliniek
41%
Geen overeenkomende quizzen gevonden
Scoreverdeling
Procent van Mensen met Elke Score
Percentiel versus Aantal Correcte Antwoorden
Uw Scoregeschiedenis
U heeft deze quiz nog niet genomen